Tractatus diversi, novi, et practicabiles ... (Registro nro. 70542)

Detalles MARC
000 -ENCABEZADO
Número de control [NR] 01922nam a22002657a 4500
005 - FECHA Y HORA DE LA ÚLTIMA TRANSACCIÓN
control field 20170315081248.0
008 - DE LONGITUD FIJA DE DATOS DE ELEMENTOS - INFORMACIÓN GENERAL
Elementos de longitud fija [NR] 130419s1603||||it |||fr|||||001|0|lat|d
040 ## - FUENTE DE CATALOGACION [NR]
Agencia de catalogación original [NR] Co-BoUCM
Idioma de catalogación [NR] spa
Quien Cataloga Sandra Yazo (modificó)
Quien Clasifica Sandra Yazo (modificó)
041 0# - CODIGO DE IDIOMA [R]
Código de idioma para texto/pista de sonido o título separado [R] Latín
082 04 - NUMERO DE CLASIFICACION DECIMAL DEWEY [R]
Número de clasificación [R] 340.56
Número de la edición [NR] 20
092 ## - SIGNATURA TOPOGRAFICA LOCAL
Número de clasificación local E06N031
100 1# - ASIENTO PRINCIPAL--NOMBRE PERSONAL [NR]
Nombre personal [NR] Carocci, Vincenzo
Fechas asociadas con el nombre [NR] 1580-16??
ID Autoridad 40834
242 00 - TRADUCCION DEL TITULO POR LA AGENCIA CATALOGADORA [R]
Título [NR] Tratados varios, nuevos y útiles ...
Mención de responsabilidad, etc. [NR] Autor Vicente Carocio
Código de idioma del título traducido [NR] spa
245 10 - MENCION DE TITULO [NR]
Título [NR] Tractatus diversi, novi, et practicabiles ...
Mención de responsabilidad, etc. [NR] Vincentio Carocio ... auctore
260 ## - PUBLICACION, DISTRIBUCION, ETC. (PIE DE IMPRENTA) [R]
Lugar de publicación, distribución, etc. [R] Venetiis [Venecia] (Italia)
Nombre del editor, distribuidor, etc. [R] Apud Sessas [En el taller de los Sessas]
Fecha de publicación, distribución, etc. [R] 1603
300 ## - DESCRIPCION FISICA [R]
Extensión [R] [8], 127 [e. i.168] folios
Dimensiones [R] 23 x 16 cm.
500 ## - NOTA GENERAL [R]
Nota general [NR] Detalles físicos: Encuadernación flexible en pergamino. Tapas con pergamino arrugado. Guardas desprendidas y rotas. Portada impresa en una sola tinta, con marca tipográfica de los editores, varias firmas. Dedicatoria. Índice inicial. Fe de erratas. Permisos y licencias. Cenefas y remates. Mayúsculas capitales. Texto impreso en dos columnas con varios tipos y tamaños de letra. Sumarios y párrafos numerados. Signaturas y reclamos. Perforaciones de insectos desde la pág. 127 en adelante. Varias hojas con deterioro en esquina inferior, deformación de plano sobre el papel
505 0# - NOTA DE CONTENIDO CON FORMATO PREESTABLECIDO [R]
Nota de contenido con formato preestablecido [NR] Conceptos jurídicos sobre diversos temas: Tratado sobre las cosas robadas que se encuentran en poder de terceros ; Tratado sobre la revelación del secreto de la confesión ; Tratado sobre los bienes con los cuales el padre dota a su hija ; Tratado sobre la exoneración de menores que incurren en delitos ; Cuestiones particulares: 786 conceptos legales
506 ## - NOTA DE RESTRICCIONES DE ACCESO [R]
Condiciones de acceso [NR] Consulta en sala
546 ## - NOTA DE IDIOMA [R]
Nota de idioma [NR] Texto en latín
650 #0 - ASIENTO SECUNDARIO DE MATERIA - TERMINO TEMATICO [R]
Término temático o nombre geográfico como elemento de entrada [NR] Derecho civil
9 (RLIN) 29560
Subdivisión general [R] Obras anteriores a 1800
650 #7 - ASIENTO SECUNDARIO DE MATERIA - TERMINO TEMATICO [R]
Término temático o nombre geográfico como elemento de entrada [NR] Conceptos
9 (RLIN) 29739
Subdivisión general [R] Derecho
-- Obras anteriores a 1800
690 ## - ASUNTO AGREGADO LOCAL DE ENTRADA - TÉRMINO TEMÁTICO (OCLC, RLIN)
Acceso temático local Derecho civil
9 (RLIN) 12711
942 ## - ELEMENTOS DE ENTRADA AGREGADOS (KOHA)
Tipo de ítem principal el descrito en 300a Libro
Edición 1
Tema principal 8
Sistema de clasificación LOCAL
Clasificación E06N031
Existencias
Suprimido Perdido Sistema de clasificación Dañado No prestable Tipo de ítem específico Ubicación habitual Ubicación actual Localización Fecha de creación Forma de adquisición Costo Total préstamos Signatura topográfica Código de barras Última vez visto Ejemplar Price effective from Tipo de ítem
    LOCAL     Libro archivo Archivo Histórico Archivo Histórico Archivo histórico 17/07/2013 Donación 0.00   E06N031 L000971 15/12/2012 Ej.1 03/02/2013 Libro